=LDR 00000nam 2200000 4500 =001 INLIS000000000000500 =005 20221208093523 =035 ##$$a 0010-061300000000500 =008 221208################g##########0#ind## =041 ##$$a Ind =082 ##$$a 784.7 =090 ##$$a 784.7 San t =100 ##$$a Sancaya HR =245 1#$$a 17 lagu perjuangan nasional patriotik /$c Sancaya HR =260 ##$$a Jakarta :$b Gramedia,$c 1982 =300 ##$$a 39 hlm. : $b ilus. ; $c 28 cm =650 #4$$a Nyanyian Nasional =650 #4$$a Indonesia =850 ##$$a NBPNMAT =084 ##$$a 784.7 SAN s =990 ##$$a AN99000321 =990 ##$$a AN99000321 =990 ##$$a 62.615/Pro-93